00481nam a2200181Ia 4500008004100000020001800041050001400059100002700073245004200100245006300142260001500205260001600220260000900236300001400245300002200259300001000281500000800291170918s9999 xx 000 0 und d a9780545495271 bK957 2005 aKudlinski, Kathleen V. aBoy, were we wrong about dinosaurs! / cby Kathleen V. Kudlinski ; illustrated by S. D. Schindler. aNew York : bScholastic, c2005 aunpaged : bchiefly colored ; c20cm. a900